Statistiques concernant Mots cachés n°22

Cliquez ici pour prendre le quiz!

Statistiques générales

  • Ce quiz a été pris 75 fois
  • Le résultat moyen est 24 sur 25

Statistiques - réponses

QuestionTuileSelect% Correct
lieu, chef, pois et haie.BNon
100%
lieu, chef, pois et haie.GNon
100%
lieu, chef, pois et haie.ONon
100%
lieu, chef, pois et haie.ONon
100%
lieu, chef, pois et haie.ANon
99%
lieu, chef, pois et haie.FNon
99%
lieu, chef, pois et haie.ONon
99%
lieu, chef, pois et haie.RNon
99%
lieu, chef, pois et haie.CNon
97%
lieu, chef, pois et haie.EOui
97%
lieu, chef, pois et haie.HOui
97%
lieu, chef, pois et haie.OOui
97%
lieu, chef, pois et haie.POui
97%
lieu, chef, pois et haie.FOui
96%
lieu, chef, pois et haie.IOui
96%
lieu, chef, pois et haie.COui
94%
lieu, chef, pois et haie.IOui
94%
lieu, chef, pois et haie.SOui
94%
lieu, chef, pois et haie.AOui
93%
lieu, chef, pois et haie.UNon
93%
lieu, chef, pois et haie.EOui
91%
lieu, chef, pois et haie.ENon
88%
lieu, chef, pois et haie.LNon
88%
lieu, chef, pois et haie.UOui
85%
lieu, chef, pois et haie.LOui
84%

Distribution des résultats

Percentile par nombre de réponses

% des personnes avec chaque résultat

Votre développement - résultats

Vous n’avez pas pris ce quiz